[Event "GRE-chT 28th"]
[Site "Kavala"]
[Date "1999.??.??"]
[Round "?"]
[White "Alexakis, Dimitrios"]
[Black "Theofilopoulos, Nikolaos"]
[Result "0-1"]
[WhiteElo "2202"]
[BlackElo "2045"]
[PlyCount "76"]
[EventDate "1999.??.??"]
[EventType "team"]
[EventRounds "8"]
[EventCountry "GRE"]
[SourceTitle "EXT 2002"]
[Source "ChessBase"]
[SourceDate "2001.11.25"]
[SourceVersion "1"]
[SourceVersionDate "2001.11.25"]
[SourceQuality "1"]

1. e4 c5 2. c3 d5 3. exd5 Qxd5 4. d4 Nf6 5. Nf3 Bg4 6. Be2 e6 7. 0-0 cxd4 8. Nxd4 Bxe2 9. Qxe2 a6 10. Nd2 Bd6 11. N2b3 Nc6 12. Be3 Qe5 13. Nf3 Qh5 14. Rad1 Bxh2+ 15. Kh1 Bf4+ 16. Kg1 Bxe3 17. Qxe3 0-0 18. Nbd4 Nxd4 19. Rxd4 Qa5 20. a3 Rad8 21. Rfd1 Rxd4 22. Qxd4 Qd5 23. Qa4 Qc5 24. Qb3 b5 25. a4 h6 26. axb5 axb5 27. Nd4 Rd8 28. Ra1 b4 29. Nf3 bxc3 30. Qxc3 Qb6 31. Qc2 Rb8 32. Rb1 Nd5 33. Ne5 Qb3 34. Qc6 Qa2 35. Qc1 Nc3 36. Kh2 Qxb1 37. Qxc3 Qxb2 38. Qf3 Qxe5+ 0-1